| 000 | 01156cam a22003257a 4500 | ||
|---|---|---|---|
| 999 |
_c532030 _d532030 |
||
| 001 | 12800493 | ||
| 003 | NUST | ||
| 005 | 20191106143951.0 | ||
| 008 | 020604s2002 maua b 001 0 eng d | ||
| 010 | _a 2002283386 | ||
| 020 | _a0750674989 | ||
| 035 | _a(OCoLC)ocm49245816 | ||
| 038 | _aM.Ramzan | ||
| 040 |
_aTXU _cTXU _dDLC |
||
| 042 | _alccopycat | ||
| 050 | 0 | 0 |
_aTD430 _b.C4584 2002 |
| 082 | 0 | 0 |
_a628.16 _bCHE |
| 100 | 1 |
_aCheremisinoff, Nicholas P. _92953 |
|
| 245 | 1 | 0 |
_aHandbook of water and wastewater treatment technologies / _cNicholas P. Cheremisinoff. |
| 260 |
_aBoston : _bButterworth-Heinemann, _cc2002. |
||
| 300 |
_axii, 636 p. : _bill. ; _c26 cm. |
||
| 504 | _aIncludes bibliographical references and index. | ||
| 650 | 0 |
_aWater _xPurification. _9264 |
|
| 650 | 0 |
_aSewage _xPurification. _9265 |
|
| 856 | 4 | 2 |
_3Publisher description _uhttp://www.loc.gov/catdir/description/els031/2002283386.html |
| 856 | 4 | 1 |
_3Table of contents _uhttp://www.loc.gov/catdir/toc/fy022/2002283386.html |
| 906 |
_a7 _bcbc _ccopycat _d2 _encip _f20 _gy-gencatlg |
||
| 942 |
_2ddc _cBK |
||